Score 0/24 Timer 07:00
4 Plays Today
% Correct
Schindler's List
88.9%
The Elephant Man
86.3%
Raging Bull
84.6%
American History X
80.2%
Sin City
77.5%
Young Frankenstein
76.2%
Memento
73%
Clerks
72.5%
The Artist
70.3%
Pleasantville
64.7%
Ed Wood
63.8%
Natural Born Killers
62.6%
% Correct
Frankenweenie
60.5%
Good Night, and Good Luck.
52.4%
Nebraska
49.8%
Eraserhead
44.5%
Manhattan
41.8%
Paper Moon
26%
Dead Man
22.4%
Rumble Fish
20.9%
The Man Who Wasn't There
20.6%
Antichrist
14.8%
Pi
14.1%
Wings of Desire
13.6%
Remove Ads.
Support Sporcle.
Get the best of Sporcle when you Go Orange. This ad-free experience offers more features, more stats, and more fun while also helping to support Sporcle. Thank you for becoming a member.

You're not logged in!

Compare scores with friends on all Sporcle quizzes.
OR
Log In

Show Comments

Extras

Top Quizzes Today


Score Distribution

Your Account Isn't Verified!

In order to create a playlist on Sporcle, you need to verify the email address you used during registration. Go to your Sporcle Settings to finish the process.

Report this User

Report this user for behavior that violates our Community Guidelines.

Details: